000 01684cam a22004814i 4500
003 PE-LiUPU
005 20250731173535.0
008 150616s r 000 0 d
020 _a0805425349
035 _a(Sirsi) i9780805425345
040 _aPE-LiUPU
_bspa
_cPE-LiUPU
_erda
049 _aPRUA
082 0 4 _a269.2
_bL33
_221
100 1 _aLeavell, Roland Quinche,
_d1891-1963,
_eautor.
245 1 0 _aEvangelism :
_bChrist's Imperative Commission /
_cRoland Q. Leavell.
264 1 _aNashville, Tennessee :
_bBroadman Press,
_c1979.
300 _a239 páginas ;
_c22 centímetros
336 _atext
_2rdacontent
337 _aunmediated
_2rdamedia
338 _avolume
_2rdacarrier
505 0 _aThe imperative need for evangelism.- Historic illustrations of evangelism.- Methods and techniques in accomplishing christ's imperative commission.
526 _aSEG42
526 _aSEG41
526 _aSEG40
526 _aSEG39
526 _aP94
526 _aP87
526 _aP86
526 _aP85
526 _aP77
526 _aP76
526 _aP35
650 0 4 _aEvangelismo.
_9953
700 1 _aBryson, Harold T.,
_erevisor.
700 1 _aLeavell, Landrum P,
_erevisor.
910 _ajck
_bjvq
_cjck
942 _2ddc
_cBOOK
949 _a269.2 L33
_wDEWEY
_c1
_i42391
_lCCODEBUL1
_mBUL
_r0
_sY
_tBOOK
_u2015-6-16
_xTEOLOGIA
_zUNKNOWN
_0COMPRA
_o.STAFF. Colección General
994 _aC0
_bPEPRU
596 _a1
999 _a269.2 L33
_wDEWEY
_c60226
_i42391
_f2021-11-10
_g5
_lCCODEBUL1
_mBUL
_r0
_sY
_tBOOK
_u2015-6-16
_xTEOLOGIA
_zUNKNOWN
_0COMPRA
_o.STAFF. Colección General
_d60226
980 _81
_gALBERTO SANCHEZ Responsable de Automatización